| 000 | 00603nam a2200181Ia 4500 | ||
|---|---|---|---|
| 008 | 090630s9999 xx 000 0 und d | ||
| 082 | _b1519 | ||
| 100 | _aआनंदकर पिरोज. | ||
| 245 |
_aगृह विज्ञान. _cआनंदकर पिरोज. |
||
| 260 |
_bभारत प्रिंटींग. _c1937 |
||
| 300 | _a210 | ||
| 600 | _aआनंदकर पिरोज. | ||
| 630 | _aगृह विज्ञान. | ||
| 655 | _aइतर. | ||
| 700 | _aआनंदकर पिरोज. | ||
| 730 | _aगृह विज्ञान. | ||
| 942 | _cBOOK | ||
| 999 |
_c253375 _d253375 |
||